00842nam a22002537a 45000010005000000030006000050050017000110080041000280200018000690400029000870500013001160820012001291000032001412450039001732500022002122600046002343000022002805050007003025200183003095210019004925210018005116500035005296500024005644692FISKH20240923081209.0240923b cb ||||| |||| 00| 0 eng d a9780340894606 aFISKHbengcFISKHdFISKH aPZ7.B629 2823.912 aBlyton, Enidd(1897–1968) aFive go off to camp /cEnid Blyton aThis edition 2004 aLondon :bHodder Children's Books,c2004. a245 pages :c18cm aJ  aSpook-trains in the dead of night! They seem to vanish into thin air - where do they go? The Famous Five follow the tracks - and discover a very unusual, underground destination!8 a480L bLexile 8 aJ bRaz-Plus  2ChildrenaMysteryvFamous Five 2FictionaAdventures